• 首页
  • 本馆介绍
  • 公告通知
  • 最新文献
  • 馆藏检索
  • 电子资源
  • 读者导购
  • 参考咨询
  • 我的图书馆
  • 登录
  • 详细信息显示
  • 放入我的书架
  • 预约/预借图书
  • 作者相关作品
  • 分类相关作品
  • 丛书相关作品
  • 出版社相关作品

书目信息

  • 表格格式
  • 工作单格式
  • 卡片格式
题名:
市政工程施工手册
    
 
作者: 董明荣 编著
分册:  
出版信息: 北京   北京希望电子出版社  2021.1
页数: 424页
开本: 24cm
丛书名: 图解施工手册系列
单 册:
中图分类: TU99
科图分类:
主题词: 市政工程--工程施工--手册
电子资源:
ISBN: 978-7-83002-798-8
000 00930nam0 2200253 45
001 012001002034
005 20140913093224.0
010    @a978-7-83002-798-8@dCNY98.00
100    @a20210715d2021 em y0chiy50 ea
101 0  @achi
102    @aCN@b110000
105    @aa z 000yy
106    @ar
200 1  @a市政工程施工手册@Ashi zheng gong cheng shi gong shou ce@b专著@e图解版@f董明荣编著
210    @a北京@c北京希望电子出版社@d2021.1
215    @a424页@d24cm
225 1  @a图解施工手册系列
330    @a本书共十三章,内容包括:施工准备、施工测量、城镇道路工程、城市桥梁工程、城市给水排水工程、城市管道工程、城市综合管廊工程、城市轨道交通工程、生活垃圾处理工程、园林绿化工程、建筑节能工程、海绵城市和施工管理。
461  0 @12001 @a图解施工手册系列
606 0  @a市政工程@x工程施工@j手册
690    @aTU99@v5
701  0 @a董明荣@Adong ming rong@4编著
801  0 @aCN@bBJSDL@c20211011
905    @b1338184-7@dTU99@e2001@f4
    
    市政工程施工手册:图解版/董明荣编著.-北京:北京希望电子出版社,2021.1
    424页;24cm.-(图解施工手册系列)
    
    
    ISBN 978-7-83002-798-8:CNY98.00
    本书共十三章,内容包括:施工准备、施工测量、城镇道路工程、城市桥梁工程、城市给水排水工程、城市管道工程、城市综合管廊工程、城市轨道交通工程、生活垃圾处理工程、园林绿化工程、建筑节能工程、海绵城市和施工管理。
●
相关链接 在E读中查询图书 在五车中查询图书 在当当中查询图书 在豆瓣中查询图书


正题名:市政工程施工手册     索取号:TU99/2001         预约/预借

序号 登录号 条形码 馆藏地/架位号 状态 备注
1 1338184   213381847   第二样本阅览室/ [索取号:TU99/2001] 在馆    
2 1338185   213381856   第三借阅区/ [索取号:TU99/2001] 在馆    
3 1338186   213381865   第三借阅区/ [索取号:TU99/2001] 在馆    
4 1338187   213381874   第三借阅区/ [索取号:TU99/2001] 在馆    
唐山师范学院图书馆 欢迎您!
大连网信软件有限公司© 版权所有